[Event "Koge Xtracon op"]
[Site "Koge"]
[Date "2013.10.16"]
[Round "3"]
[White "Malmqvist, Glenn"]
[Black "Ozkan, Salih"]
[Result "0-1"]
[WhiteElo "2102"]
[BlackElo "1797"]
[PlyCount "70"]
[EventDate "2013.10.14"]
[EventType "swiss"]
[EventRounds "9"]
[EventCountry "DEN"]
[SourceTitle "EXT 2014"]
[Source "ChessBase"]
[SourceDate "2013.11.20"]
[SourceVersion "1"]
[SourceVersionDate "2013.11.20"]
[SourceQuality "1"]

1. e4 e5 2. Nf3 Nc6 3. c3 d5 4. Bb5 dxe4 5. Nxe5 Qd5 6. Qa4 Nge7 7. Nxc6 Nxc6
8. c4 Qe6 9. O-O Bd7 10. Nc3 Bd6 11. c5 Bxc5 12. Nxe4 Bb6 13. Ng5 Qe7 14. d4
O-O-O 15. Be3 a6 16. Bxa6 h6 17. Nf3 Nxd4 18. Qd1 Bg4 19. Bxd4 Rxd4 20. Bd3
Rhd8 21. Qe2 Qf6 22. Be4 Qf4 23. Rae1 Kb8 24. Bb1 Bxf3 25. Qxf3 Qxf3 26. gxf3
Rd2 27. b3 Rb2 28. Kg2 Rdd2 29. Rd1 Rxf2+ 30. Rxf2 Rxf2+ 31. Kg3 Rb2 32. h3 Bc5
33. Rd8+ Ka7 34. Bd3 Rd2 35. Rd5 Bd6+ 0-1

[Event "Pescia op-A 5th"]
[Site "Pescia"]
[Date "2013.10.13"]
[Round "5"]
[White "Bernardini, Luca"]
[Black "Innocenti, Giovanni"]
[Result "1-0"]
[WhiteElo "1973"]
[BlackElo "2046"]
[PlyCount "117"]
[EventDate "2013.10.11"]
[EventType "swiss"]
[EventRounds "5"]
[EventCountry "ITA"]
[SourceTitle "EXT 2015"]
[Source "ChessBase"]
[SourceDate "2014.11.20"]
[SourceVersion "1"]
[SourceVersionDate "2014.11.20"]
[SourceQuality "1"]

1. e4 e5 2. Nf3 Nc6 3. c3 Nf6 4. d4 exd4 5. e5 Ne4 6. cxd4 Bb4+ 7. Nbd2 d5 8.
Bb5 O-O 9. O-O Bd7 10. Qc2 f5 11. Qb3 Nxd4 12. Nxd4 Bxb5 13. Qxb4 Bxf1 14. Ne6
Qe8 15. Qxf8+ Qxf8 16. Nxf8 Bd3 17. Ne6 Re8 18. Nxc7 Rxe5 19. Nf3 Re7 20. Nxd5
Rd7 21. Nc3 Bb1 22. h3 Nxc3 23. bxc3 Rd1+ 24. Kh2 Rxc1 25. Nd2 Rd1 26. Nxb1 g5
27. g4 fxg4 28. hxg4 Kf7 29. Kg2 Ke6 30. f3 Ke5 31. Kf2 Kf4 32. a4 a5 33. Ra2
Rd3 34. Nd2 Rxc3 35. Rb2 Rd3 36. Rc2 b6 37. Rc4+ Ke5 38. Ke2 Ra3 39. Nb1 Ra2+
40. Kd3 Kd6 41. Nc3 Ra1 42. Ne4+ Kd5 43. Nf6+ Ke5 44. Nxh7 Ra3+ 45. Ke2 Kd5 46.
Re4 Ra2+ 47. Ke3 b5 48. axb5 a4 49. Nxg5 a3 50. Kd3 Ra1 51. Kc3 a2 52. Kb2 Rb1+
53. Kxa2 Rxb5 54. f4 Ra5+ 55. Kb3 Rb5+ 56. Kc3 Rb1 57. Re5+ Kd6 58. Nf7+ Kd7
59. g5 1-0

[Event "Oberliga Sued W 1314"]
[Site "Germany"]
[Date "2013.10.13"]
[Round "1.5"]
[White "Van Dijk, Harold"]
[Black "Kovacs, Gabor"]
[Result "1-0"]
[WhiteElo "2305"]
[BlackElo "2471"]
[PlyCount "157"]
[EventDate "2013.10.13"]
[EventType "team-tourn"]
[EventRounds "9"]
[EventCountry "GER"]
[SourceTitle "EXT 2015"]
[Source "ChessBase"]
[SourceDate "2014.11.20"]
[SourceVersion "1"]
[SourceVersionDate "2014.11.20"]
[SourceQuality "1"]
[WhiteTeam "Remagen"]
[BlackTeam "Schwegenheim"]
[WhiteTeamCountry "GER"]
[BlackTeamCountry "GER"]

1. e4 e5 2. Nf3 Nc6 3. c3 Nf6 4. d4 Nxe4 5. d5 Ne7 6. Nxe5 Ng6 7. Qd4 Qf6 8.
Qxe4 Qxe5 9. Nd2 d6 10. Bd3 Nf4 11. Bb5+ Bd7 12. Qxe5+ dxe5 13. Bxd7+ Kxd7 14.
Nc4 Re8 15. Bxf4 exf4+ 16. Kd1 b5 17. Nd2 Re5 18. a4 b4 19. Re1 Rg5 20. g3 fxg3
21. fxg3 bxc3 22. bxc3 Rxd5 23. Kc2 Be7 24. Rab1 a6 25. Re4 Rd8 26. Rf1 f5 27.
Rc4 g6 28. Nb3 Bd6 29. Nd4 Re8 30. Rb1 Re4 31. Rb7 h5 32. Kb3 h4 33. gxh4 Rxh4
34. Ra7 Rxh2 35. Rxa6 Rg2 36. Nb5 Bc5 37. Ra8 Bb6 38. Rg8 c5 39. Rh4 Ke6 40.
Rb8 Bd8 41. Rh8 Rgd2 42. Na3 Rd1 43. Ra8 f4 44. Ra6+ Kf5 45. Nc4 g5 46. a5 Be7
47. Rh7 Re1 48. Rf7+ Kg4 49. Ra7 Bd8 50. a6 Re6 51. Ra8 Be7 52. Rb8 Rxa6 53.
Rxe7 Rf6 54. Ne5+ Kg3 55. Kc4 Rxe5 56. Rxe5 g4 57. Rg8 f3 58. Re4 f2 59. Rexg4+
Kf3 60. Rg1 fxg1=B 61. Rxg1 Ke3 62. Rd1 Rf8 63. Rd5 Ke4 64. Rxc5 Rb8 65. Rc7
Ke5 66. Kc5 Ke6 67. c4 Rb1 68. Kc6 Ra1 69. Rb7 Ra6+ 70. Rb6 Ra7 71. c5 Ke5 72.
Rb1 Ra6+ 73. Kb7 Ra2 74. c6 Kd6 75. Rd1+ Ke7 76. c7 Rb2+ 77. Kc8 Rb3 78. Re1+
Kd6 79. Kd8 1-0

[Event "nTCEC - Stage 2 - Season 2"]
[Site "http://www.tcec-chess.net"]
[Date "2013.10.12"]
[Round "16.2"]
[White "Exchess 7.15b"]
[Black "Jonny 6"]
[Result "0-1"]
[WhiteElo "2694"]
[BlackElo "2824"]
[PlyCount "83"]
[EventDate "2013.??.??"]
[SourceTitle "OM Portal C 201906"]
[Source "Opening Master"]
[SourceDate "2019.06.27"]
[SourceVersion "1"]
[SourceVersionDate "2019.06.27"]
[SourceQuality "1"]

1. e4 e5 2. Nf3 Nc6 3. c3 Nf6 4. d4 exd4 5. e5 Nd5 6. Bc4 Nb6 7. Bb3 d6 8. exd6
Qxd6 9. O-O Be6 10. Bxe6 fxe6 11. Nxd4 Nxd4 12. cxd4 O-O-O 13. Be3 e5 14. Qg4+
Qd7 15. Qxd7+ Rxd7 16. dxe5 Nc4 17. Nc3 Nxe3 18. fxe3 Bc5 19. Rf3 Re8 20. Na4
Be7 21. Nc3 Bd8 22. Rd1 Rxd1+ 23. Nxd1 Rxe5 24. Kf1 Bf6 25. Ke2 b5 26. Kd2 Kd7
27. Nc3 b4 28. Na4 c5 29. a3 Rg5 30. g3 Rd5+ 31. Kc2 Ke6 32. e4 Rh5 33. Kd3
bxa3 34. bxa3 Rxh2 35. Nxc5+ Kd6 36. Rf5 Rg2 37. Kc4 Kc6 38. g4 Rc2+ 39. Kd3
Rxc5 40. e5 Rxe5 41. Rf4 Rd5+ 42. Ke2 0-1

[Event "corr freechess"]
[Site "freechess.de"]
[Date "2013.10.12"]
[Round "?"]
[White "Priegnitz, Uwe"]
[Black "Weigt, Mirko"]
[Result "0-1"]
[WhiteElo "1450"]
[BlackElo "1396"]
[PlyCount "62"]
[EventDate "2013.??.??"]
[EventType "tourn (corr)"]
[SourceTitle "OM Corr 202003"]
[Source "Opening Master"]
[SourceDate "2019.05.30"]
[SourceVersion "2"]
[SourceVersionDate "2019.05.30"]
[SourceQuality "1"]

1. e4 e5 2. Nf3 Nc6 3. c3 d5 4. Qc2 Nf6 5. Bb5 a6 6. Ba4 b5 7. Bb3 h6 8. O-O
dxe4 9. Nh4 g5 10. c4 Nd4 11. Qd1 gxh4 12. Re1 Rg8 13. cxb5 Nf3+ 14. Kh1 Nxe1
15. Qxe1 Bb7 16. Nc3 e3 17. Qxe3 Bxg2+ 18. Kg1 Bb7+ 19. Kf1 Bc5 20. Qxc5 Qd3+
21. Ne2 Qh3+ 22. Ke1 Qxh2 23. d3 O-O-O 24. Kd2 Ne4+ 25. Kc2 Nxc5 26. Bxf7 Rgf8
27. Bc4 Rxf2 28. d4 Be4+ 29. Kc3 exd4+ 30. Kb4 Nd3+ 31. Bxd3 Bxd3 0-1

[Event "Chigorin Memorial 21st"]
[Site "St Petersburg"]
[Date "2013.10.10"]
[Round "6"]
[White "Antinyan, Armen"]
[Black "Assaubayeva, Bibissara"]
[Result "1/2-1/2"]
[WhiteElo "2179"]
[BlackElo "1820"]
[PlyCount "100"]
[EventDate "2013.10.05"]
[EventType "swiss"]
[EventRounds "9"]
[EventCountry "RUS"]
[SourceTitle "CBM 156 Extra"]
[Source "ChessBase"]
[SourceDate "2013.10.22"]
[SourceVersion "1"]
[SourceVersionDate "2013.10.22"]
[SourceQuality "1"]

1. e4 e5 2. Nf3 Nc6 3. c3 d5 4. exd5 Qxd5 5. d4 e4 6. Nfd2 Nf6 7. Qb3 Qxb3 8.
axb3 Be6 9. Bb5 Bd6 10. O-O O-O 11. Re1 Bf5 12. Bxc6 bxc6 13. b4 Rfe8 14. Ra5
g6 15. h3 h5 16. Ra6 Bd7 17. Na3 Bf4 18. Nac4 Nd5 19. Nf1 Bxc1 20. Rxc1 Nf4 21.
Rca1 c5 22. Rxa7 Rxa7 23. Rxa7 cxd4 24. Rxc7 Rd8 25. Nd6 Ne6 26. Ra7 f5 27.
cxd4 Nxd4 28. Ne3 Be6 29. Ra6 Kf8 30. Nec4 Bxc4 31. Nxc4 Rb8 32. Rb6 Rxb6 33.
Nxb6 g5 34. Kh2 h4 35. Nd5 Kf7 36. Nc3 Ke6 37. g4 Nf3+ 38. Kg2 fxg4 39. hxg4
Nd2 40. b5 Kd6 41. b4 Kc7 42. Nd5+ Kb7 43. Kh3 Nf1 44. Nf6 e3 45. fxe3 Nxe3 46.
Ne4 Kb6 47. Nc3 Kb7 48. Ne4 Kb6 49. Nxg5 Kxb5 50. Ne6 Nxg4 1/2-1/2

[Event "CL5-2013.08.04 "]
[Site "IECC"]
[Date "2013.10.10"]
[Round "?"]
[White "Balmelle, Jean Luc"]
[Black "Filgueira, Horacio"]
[Result "1-0"]
[WhiteElo "1553"]
[BlackElo "1398"]
[PlyCount "21"]
[EventDate "2013.??.??"]
[SourceTitle "OM Corr 202003"]
[Source "Opening Master"]
[SourceDate "2019.05.30"]
[SourceVersion "2"]
[SourceVersionDate "2019.05.30"]
[SourceQuality "1"]
[WhiteTeam "France"]
[BlackTeam "Argentina"]
[WhiteTeamCountry "FRA"]
[BlackTeamCountry "ARG"]

1. e4 e5 2. Nf3 Nc6 3. c3 Nf6 4. d4 d5 5. Bb5 a6 6. Bxc6+ bxc6 7. Nxe5 Nxe4 8.
O-O Qf6 9. f3 Ng5 10. Qa4 Be7 11. Bxg5 1-0

[Event "CL5-2013.08.03"]
[Site "IECC"]
[Date "2013.10.10"]
[Round "?"]
[White "Balmelle, Jean Luc"]
[Black "Kinna, Michael"]
[Result "1-0"]
[WhiteElo "1610"]
[BlackElo "1653"]
[PlyCount "103"]
[EventDate "2013.??.??"]
[SourceTitle "OM Corr 202003"]
[Source "Opening Master"]
[SourceDate "2019.05.30"]
[SourceVersion "2"]
[SourceVersionDate "2019.05.30"]
[SourceQuality "1"]
[WhiteTeam "France"]
[BlackTeam "Australia"]
[WhiteTeamCountry "FRA"]
[BlackTeamCountry "AUS"]

1. e4 e5 2. Nf3 Nc6 3. c3 d5 4. Qa4 Bd7 5. exd5 Nd4 6. Qd1 Nxf3+ 7. Qxf3 Nf6 8.
Bc4 e4 9. Qe2 Bd6 10. d4 O-O 11. Bg5 Re8 12. O-O Bg4 13. Qxg4 Nxg4 14. Bxd8
Raxd8 15. h3 Nf6 16. Bb5 Re7 17. c4 a6 18. Ba4 Bf4 19. g3 Bh6 20. Nc3 Bd2 21.
Ne2 e3 22. f3 h5 23. Bc2 g6 24. Bd3 Kg7 25. Kg2 Ne8 26. g4 h4 27. f4 f6 28. Kf3
Nd6 29. Rab1 a5 30. b3 Red7 31. Ng1 c6 32. c5 Nb5 33. Bxb5 cxb5 34. d6 b6 35.
Ke4 Bb4 36. Rbc1 bxc5 37. dxc5 Rc8 38. Kd5 Rcd8 39. Kc6 Bd2 40. Rc2 b4 41. Ne2
Kf7 42. Rxd2 exd2 43. Rd1 Ke8 44. Rxd2 Re7 45. Nd4 Re3 46. Kd5 Ra8 47. c6 a4
48. bxa4 Rxa4 49. Nb5 Kd8 50. Kc5 Re1 51. d7 Rc1+ 52. Kd6 1-0

[Event "Krasnoyarsk City-ch"]
[Site "Krasnoyarsk"]
[Date "2013.10.09"]
[Round "7"]
[White "Piskunov, Alexandr"]
[Black "Tikhomirov, Alexey"]
[Result "1-0"]
[WhiteElo "2314"]
[BlackElo "2215"]
[PlyCount "143"]
[EventDate "2013.10.03"]
[EventType "swiss"]
[EventRounds "11"]
[EventCountry "RUS"]
[SourceTitle "EXT 2014"]
[Source "ChessBase"]
[SourceDate "2013.11.20"]
[SourceVersion "1"]
[SourceVersionDate "2013.11.20"]
[SourceQuality "1"]

1. e4 e5 2. Nf3 Nc6 3. c3 Nf6 4. d3 d5 5. Nbd2 Be7 6. Be2 a5 7. O-O O-O 8. Re1
Re8 9. Bf1 Bf8 10. h3 h6 11. Qc2 g6 12. exd5 Nxd5 13. Nc4 Bg7 14. a4 Kh7 15.
Bd2 b6 16. Rad1 Bf5 17. Bc1 g5 18. g3 Qd7 19. Kh2 Rad8 20. Bg2 Bg6 21. Qb3 f6
22. d4 e4 23. Ng1 f5 24. f3 Qe6 25. fxe4 fxe4 26. Ne3 Nce7 27. Nxd5 Nxd5 28.
Rf1 Qd6 29. Rde1 Nf6 30. Be3 Re7 31. c4 Nh5 32. Ne2 Rde8 33. Rc1 c5 34. Qa3 Rc8
35. Rfd1 Qc7 36. dxc5 bxc5 37. Rd5 Be5 38. Bxc5 Rf7 39. Bd6 Bxd6 40. Qxd6 Qa7
41. c5 Qb7 42. Rd2 Rc6 43. Qd4 Re7 44. Rc4 Qc7 45. Qe3 Nf6 46. Nc3 Re5 47. Nb5
Qf7 48. Qc3 Qe7 49. Rd6 Rc8 50. Ra6 Kh8 51. Ra7 Qe6 52. Nd6 Rf8 53. Qxa5 e3 54.
Qc7 Rg8 55. Rc1 e2 56. Re1 Re3 57. a5 h5 58. Kg1 h4 59. Qf7 Bxf7 60. Nxf7+ Kg7
61. Nxg5+ Qe7 62. Rxe7+ Rxe7 63. a6 Rb8 64. Bb7 Rexb7 65. axb7 Rxb7 66. Rxe2
hxg3 67. Kg2 Kg6 68. Ne6 Nh5 69. c6 Rb8 70. c7 Rc8 71. Rd2 Re8 72. Kf3 1-0

[Event "EU-ch U18 Girls 23rd"]
[Site "Budva"]
[Date "2013.10.08"]
[Round "9"]
[White "Nikolovska, Dragana"]
[Black "Khafizova, Yana"]
[Result "1/2-1/2"]
[WhiteElo "1861"]
[BlackElo "1955"]
[PlyCount "57"]
[EventDate "2013.09.29"]
[EventType "swiss"]
[EventRounds "9"]
[EventCountry "MNE"]
[SourceTitle "CBM 156 Extra"]
[Source "ChessBase"]
[SourceDate "2013.10.22"]
[SourceVersion "1"]
[SourceVersionDate "2013.10.22"]
[SourceQuality "1"]

1. e4 e5 2. Nf3 Nc6 3. c3 d5 4. Bb5 dxe4 5. Nxe5 Qd5 6. Qa4 Nge7 7. Nxc6 bxc6
8. Be2 Bd7 9. O-O Ng6 10. Re1 Be7 11. Bc4 Qf5 12. Qc2 O-O 13. Qxe4 Qf6 14. d4
Bf5 15. Qf3 Bd6 16. Be3 Nh4 17. Qh5 h6 18. Nd2 Rab8 19. b4 Bg6 20. Qg4 Rfe8 21.
a4 Bf5 22. Qh5 Bg6 23. Qg4 Bf5 24. Qh5 Bg6 25. Qg4 Bf5 26. Qh5 Bg6 27. Qg4 Bf5
28. Qh5 Bg6 29. Qg4 1/2-1/2

[Event "EU-ch U10 23rd"]
[Site "Budva"]
[Date "2013.10.08"]
[Round "9"]
[White "Hue, Victor"]
[Black "Stesevic, Luka"]
[Result "0-1"]
[WhiteElo "1594"]
[BlackElo "1385"]
[PlyCount "122"]
[EventDate "2013.09.29"]
[EventType "swiss"]
[EventRounds "9"]
[EventCountry "MNE"]
[SourceTitle "EXT 2014"]
[Source "ChessBase"]
[SourceDate "2013.11.20"]
[SourceVersion "1"]
[SourceVersionDate "2013.11.20"]
[SourceQuality "1"]

1. e4 e5 2. Nf3 Nc6 3. c3 Nf6 4. d4 Nxe4 5. d5 Ne7 6. Nxe5 Ng6 7. Nxg6 hxg6 8.
Be2 Bc5 9. Bf3 Nxf2 10. Qe2+ Qe7 11. Qxe7+ Kxe7 12. Rf1 Nd3+ 13. Kd2 Nxc1 14.
Rxc1 Rxh2 15. b4 Bd6 16. Re1+ Kf8 17. a4 Bf4+ 18. Ke2 d6 19. Kf2 Bf5 20. Kg1
Rh4 21. Kf2 Re8 22. Rxe8+ Kxe8 23. Na3 Be5 24. Rc1 Kd7 25. Be2 Rf4+ 26. Kg1 Bg4
27. Bxg4+ Rxg4 28. Nb1 Rc4 29. Kf2 a5 30. Ke2 axb4 31. Kd3 Rg4 32. Rf1 Rf4 33.
Rxf4 Bxf4 34. cxb4 c6 35. Nc3 Bg3 36. Ke2 Be5 37. dxc6+ Kxc6 38. Nd1 b5 39. a5
d5 40. Kd3 Bd6 41. Kd4 Bxb4 42. a6 Bc5+ 43. Ke5 d4 44. Nb2 Be7 45. Nd3 Bf6+ 46.
Ke4 Be7 47. Ne5+ Kb6 48. a7 Kxa7 49. Kxd4 Bf6 50. Kd5 Bxe5 51. Kxe5 Ka6 52. Kd4
Kb6 53. Kc3 Kc5 54. Kb3 b4 55. Kb2 Kc4 56. Kc2 b3+ 57. Kb2 f5 58. g3 g5 59. Kb1
f4 60. g4 b2 61. Kxb2 Kd3 0-1

[Event "Chigorin Memorial 21st"]
[Site "St Petersburg"]
[Date "2013.10.08"]
[Round "4"]
[White "Antinyan, Armen"]
[Black "Lazarev, Alexander A"]
[Result "1-0"]
[WhiteElo "2179"]
[BlackElo "1945"]
[PlyCount "63"]
[EventDate "2013.10.05"]
[EventType "swiss"]
[EventRounds "9"]
[EventCountry "RUS"]
[SourceTitle "CBM 156 Extra"]
[Source "ChessBase"]
[SourceDate "2013.10.22"]
[SourceVersion "1"]
[SourceVersionDate "2013.10.22"]
[SourceQuality "1"]

1. e4 e5 2. Nf3 Nc6 3. c3 Nf6 4. d4 exd4 5. e5 Nd5 6. cxd4 d6 7. Bb5 Bd7 8. Qe2
Be7 9. O-O a6 10. Bd3 dxe5 11. dxe5 Ndb4 12. Be4 Bg4 13. Rd1 Nd4 14. Rxd4 Qxd4
15. Nxd4 Bxe2 16. Nxe2 O-O-O 17. Nbc3 Nd3 18. Nd5 Bc5 19. Bxd3 Rxd5 20. Bf5+
Kb8 21. Bf4 Bd4 22. Be4 Bxb2 23. Rb1 Rb5 24. Bd3 Rd5 25. Bc4 Rd7 26. h4 Bd4 27.
Bxa6 Bb6 28. Bb5 Rd5 29. Bc4 Rd7 30. e6 fxe6 31. Rxb6 e5 32. Bxe5 1-0

[Event "Remote S7E Easy-173 email"]
[Site "Remote email"]
[Date "2013.10.08"]
[Round "?"]
[White "Tortoza, Carlos Alberto"]
[Black "Klein, Werner"]
[Result "0-1"]
[WhiteElo "1563"]
[BlackElo "1694"]
[PlyCount "138"]
[EventDate "2013.??.??"]
[EventType "tourn (corr)"]
[EventRounds "6"]
[EventCountry "GER"]
[SourceTitle "OM Corr 202003"]
[Source "Opening Master"]
[SourceDate "2019.05.30"]
[SourceVersion "2"]
[SourceVersionDate "2019.05.30"]
[SourceQuality "1"]

1. e4 e5 2. Nf3 Nc6 3. c3 Nf6 4. Bd3 Bc5 5. O-O O-O 6. Bc2 d5 7. d3 d4 8. c4
Ng4 9. Bg5 Be7 10. Bxe7 Qxe7 11. Nbd2 a6 12. Nb3 b6 13. a3 a5 14. Nc1 f5 15.
Ne2 Rd8 16. Ng3 Rf8 17. h3 Nh6 18. Qd2 f4 19. Nh1 Ba6 20. b3 b5 21. Nh2 bxc4
22. bxc4 Bc8 23. Bd1 Qg5 24. f3 Bxh3 25. g3 Bxf1 26. Kxf1 a4 27. g4 Rfb8 28.
Qg2 Rb7 29. Nf2 Rb2 30. Qh3 Rab8 31. Bxa4 Rb1+ 32. Rxb1 Rxb1+ 33. Kg2 Na5 34.
Bd7 Nb3 35. a4 Ra1 36. Nf1 Nc5 37. Bb5 Nxa4 38. Qh2 Nc3 39. Bc6 Nf7 40. Kg1 Ra6
41. Bd5 Kf8 42. Qxh7 Rh6 43. Qf5 Qxf5 44. gxf5 g5 45. Ng4 Ra6 46. Bxf7 Kxf7 47.
Nxe5+ Kg7 48. Ng4 Ra3 49. Nf2 Ne2+ 50. Kg2 Nc1 51. Nd2 Nxd3 52. Nxd3 Rxd3 53.
Nf1 Rc3 54. e5 Rxc4 55. f6+ Kf7 56. Kh3 Rc5 57. Kg4 Rxe5 58. Nd2 Kxf6 59. Ne4+
Rxe4 60. fxe4 c5 61. Kf3 c4 62. Ke2 g4 63. Ke1 g3 64. Ke2 g2 65. Kf2 f3 66. Kg1
c3 67. Kf2 c2 68. Kxf3 g1=Q 69. Kf4 c1=Q+ 0-1

[Event "Tatry op"]
[Site "Tatranske Zruby"]
[Date "2013.10.06"]
[Round "9"]
[White "Michna, Christian"]
[Black "Kovacs, Jozef"]
[Result "1-0"]
[WhiteElo "2290"]
[BlackElo "2041"]
[PlyCount "31"]
[EventDate "2013.09.29"]
[EventType "swiss"]
[EventRounds "9"]
[EventCountry "SVK"]
[SourceTitle "CBM 156 Extra"]
[Source "ChessBase"]
[SourceDate "2013.10.22"]
[SourceVersion "1"]
[SourceVersionDate "2013.10.22"]
[SourceQuality "1"]

1. e4 e5 2. Nf3 Nc6 3. c3 Nf6 4. d4 exd4 5. e5 Ne4 6. Qe2 f5 7. exf6 d5 8. Nbd2
Bf5 9. Nxe4 dxe4 10. f7+ Kxf7 11. Ng5+ Kf6 12. g4 Bg6 13. Bg2 Bd6 14. Nxe4+
Bxe4 15. Bxe4 dxc3 16. Qf3+ 1-0

[Event "EU-ch U10 23rd"]
[Site "Budva"]
[Date "2013.10.06"]
[Round "7"]
[White "Cohen, Shoham"]
[Black "Stesevic, Luka"]
[Result "1-0"]
[WhiteElo "1604"]
[BlackElo "1385"]
[PlyCount "47"]
[EventDate "2013.09.29"]
[EventType "swiss"]
[EventRounds "9"]
[EventCountry "MNE"]
[SourceTitle "EXT 2014"]
[Source "ChessBase"]
[SourceDate "2013.11.20"]
[SourceVersion "1"]
[SourceVersionDate "2013.11.20"]
[SourceQuality "1"]

1. e4 e5 2. Nf3 Nc6 3. c3 Nf6 4. d4 exd4 5. e5 Nd5 6. cxd4 d6 7. Qb3 dxe5 8.
dxe5 Be7 9. Bc4 Na5 10. Qa4+ Nc6 11. Nd4 Nb6 12. Nxc6 Nxa4 13. Nxd8 Bxd8 14.
Bb5+ Bd7 15. Bxd7+ Kxd7 16. O-O Re8 17. Rd1+ Kc8 18. b3 Nb6 19. Bb2 g6 20. f4
c6 21. Na3 Be7 22. Rac1 Nd5 23. Rxd5 Kb8 24. Rd7 1-0

[Event "EU-ch U18 23rd"]
[Site "Budva"]
[Date "2013.10.06"]
[Round "7"]
[White "Borisenko, Viacheslav"]
[Black "Baglan, Esat"]
[Result "1-0"]
[WhiteElo "2298"]
[BlackElo "2024"]
[PlyCount "84"]
[EventDate "2013.09.29"]
[EventType "swiss"]
[EventRounds "9"]
[EventCountry "MNE"]
[SourceTitle "CBM 156 Extra"]
[Source "ChessBase"]
[SourceDate "2013.10.22"]
[SourceVersion "1"]
[SourceVersionDate "2013.10.22"]
[SourceQuality "1"]

1. e4 e5 2. Nf3 Nc6 3. c3 d5 4. Qa4 Qd6 5. exd5 Qxd5 6. Bb5 Bd7 7. d4 e4 8. Ng5
Ne5 9. dxe5 Bxb5 10. Qxe4 Qxe4+ 11. Nxe4 O-O-O 12. Be3 Re8 13. Nbd2 Rxe5 14.
O-O-O Bc6 15. f3 b6 16. Rhe1 f6 17. g4 Re8 18. Bd4 Ne7 19. Ng3 Ng6 20. Rxe8+
Bxe8 21. Re1 Bc6 22. Nh5 Rg8 23. Re6 Bd7 24. Re2 Bc6 25. f4 Bd6 26. Rf2 Bd5 27.
c4 Bb7 28. Kc2 c5 29. Bc3 Kc7 30. a3 a6 31. h3 Bc6 32. b4 Nf8 33. g5 Be8 34.
gxf6 Bxh5 35. fxg7 Ne6 36. Ne4 Nxg7 37. Nf6 Rd8 38. Nd5+ Kc6 39. Bxg7 Rd7 40.
Bh6 Bg6+ 41. Kb3 b5 42. Nc3 Bd3 1-0

[Event "Madrid San Viator op 21st"]
[Site "Madrid"]
[Date "2013.10.06"]
[Round "2"]
[White "Perez Bruni, Alfredo"]
[Black "Santos Burkholz, Mario"]
[Result "1-0"]
[WhiteElo "1726"]
[BlackElo "1464"]
[PlyCount "32"]
[EventDate "2013.09.29"]
[EventType "swiss"]
[EventRounds "9"]
[EventCountry "ESP"]
[SourceTitle "EXT 2015"]
[Source "ChessBase"]
[SourceDate "2014.11.20"]
[SourceVersion "1"]
[SourceVersionDate "2014.11.20"]
[SourceQuality "1"]

1. e4 e5 2. Nf3 Nc6 3. c3 Nf6 4. d4 Nxe4 5. d5 Ne7 6. Nxe5 Nf6 7. c4 d6 8. Qa4+
Bd7 9. Nxd7 Qxd7 10. Qb3 b6 11. Nc3 Ng6 12. Be3 Be7 13. c5 O-O 14. Bb5 Qg4 15.
cxb6 axb6 16. g3 Qf3 1-0

[Event "Queensland-ch"]
[Site "Brisbane"]
[Date "2013.10.05"]
[Round "4"]
[White "Post, Martin J"]
[Black "Vucak, Mark"]
[Result "1-0"]
[WhiteElo "1999"]
[BlackElo "1790"]
[PlyCount "52"]
[EventDate "2013.10.03"]
[EventType "swiss"]
[EventRounds "9"]
[EventCountry "AUS"]
[SourceTitle "CBM 157 Extra"]
[Source "ChessBase"]
[SourceDate "2013.12.19"]
[SourceVersion "1"]
[SourceVersionDate "2013.12.19"]
[SourceQuality "1"]

1. e4 e5 2. Nf3 Nc6 3. c3 Nf6 4. d4 Nxe4 5. d5 Ne7 6. Nxe5 Ng6 7. Qd4 Nxe5 8.
Qxe4 Qe7 9. f4 Ng6 10. Bd3 d6 11. O-O Qxe4 12. Bxe4 f5 13. Bf3 Be7 14. Na3 Bd7
15. Re1 O-O 16. g3 Rae8 17. Be3 a6 18. Bd4 c6 19. Bb6 Bd8 20. Nc4 Be7 21. Bc7
Rf6 22. Nb6 Bc8 23. dxc6 bxc6 24. Bxc6 Ref8 25. Nd5 R6f7 26. Nxe7+ Nxe7 1-0

[Event "Alzira-ch Provincial Primera"]
[Site "Alzira"]
[Date "2013.10.05"]
[Round "1"]
[White "Ull Molina, Daniel"]
[Black "Albuixec Sanz, Jorge"]
[Result "1/2-1/2"]
[WhiteElo "1611"]
[BlackElo "1868"]
[PlyCount "89"]
[EventDate "2013.10.05"]
[EventType "swiss"]
[EventRounds "7"]
[EventCountry "ESP"]
[SourceTitle "EXT 2016"]
[Source "ChessBase"]
[SourceDate "2015.10.10"]
[SourceVersion "1"]
[SourceVersionDate "2015.10.10"]
[SourceQuality "1"]

1. e4 e5 2. Nf3 Nc6 3. c3 Nf6 4. d3 Be7 5. Be2 O-O 6. O-O d5 7. Nbd2 Re8 8.
exd5 Nxd5 9. Ne4 f5 10. Ng3 Be6 11. Qc2 Nf4 12. Re1 Bd6 13. Bf1 Qf6 14. b4 Bd5
15. Nd2 h5 16. b5 Nd8 17. c4 h4 18. cxd5 hxg3 19. Nf3 gxh2+ 20. Nxh2 Nf7 21. g3
Nxd5 22. Bg2 Nb4 23. Qd2 c6 24. a3 Nd5 25. bxc6 bxc6 26. Bb2 Qg5 27. Qa5 Rac8
28. Bxd5 cxd5 29. Qxd5 Rc2 30. Bc1 Qf6 31. Be3 f4 32. Bxf4 Bc5 33. Ng4 Qf5 34.
Qf3 g5 35. Qd1 Rc3 36. Bxe5 Rxd3 37. Qb1 Rxe5 38. Rxe5 Rxg3+ 39. Kf1 Rg1+ 40.
Kxg1 Qxg4+ 41. Kf1 Qh3+ 42. Ke2 Qg4+ 43. Kf1 Qh3+ 44. Ke2 Qg4+ 45. Kf1 1/2-1/2

[Event "IND-ch U25"]
[Site "Calicut"]
[Date "2013.10.04"]
[Round "4"]
[White "Padhya, Saumil"]
[Black "Rajesh, VAV."]
[Result "0-1"]
[WhiteElo "2244"]
[BlackElo "2402"]
[PlyCount "60"]
[EventDate "2013.10.02"]
[EventType "swiss"]
[EventRounds "9"]
[EventCountry "IND"]
[SourceTitle "EXT 2014"]
[Source "ChessBase"]
[SourceDate "2013.11.20"]
[SourceVersion "1"]
[SourceVersionDate "2013.11.20"]
[SourceQuality "1"]

1. e4 e5 2. Nf3 Nc6 3. c3 Nf6 4. d4 d6 5. d5 Ne7 6. Bd3 g6 7. c4 Bg7 8. Nc3 O-O
9. O-O Nh5 10. Ne1 Nf4 11. Bc2 f5 12. f3 Nh5 13. Be3 f4 14. Bf2 g5 15. c5 Ng6
16. Rc1 Nf6 17. Bb3 g4 18. cxd6 cxd6 19. Nb5 g3 20. hxg3 fxg3 21. Bxg3 Qb6+ 22.
Nd4 exd4 23. Bf2 Nh5 24. Nc2 Nhf4 25. Kh1 Qd8 26. g3 Qg5 27. gxf4 Nxf4 28. Ne1
Qh6+ 29. Kg1 Rf6 30. Bxd4 Nh3+ 0-1